| 000 | 00504nam a2200181Ia 4500 | ||
|---|---|---|---|
| 005 | 20250326123519.0 | ||
| 008 | 250326s9999 xx 000 0 und d | ||
| 037 | _aTextbook | ||
| 040 |
_aFMSL _beng _cFMSL |
||
| 041 |
_aeng _2eng |
||
| 084 |
_aX:8F P0 _qFMSL |
||
| 100 |
_aRao P M _9735151 |
||
| 245 | 0 |
_aStrategic management accounting _cRao P M; Pradhan B B |
|
| 260 |
_aNew Delhi _bNew Delhi, Deep & Deep _c2000 |
||
| 300 | _a379p | ||
| 942 |
_cTB _hX:8F P0 |
||
| 999 |
_c1269704 _d1269704 |
||